LEADER 01092nam a2200253 i 4500 001 000000072246 003 CaOOAMICUS 005 20000316000000.0 008 000316n be u000 u mul u 013 $a43418 020 $a2503403913 040 $aSeMil$bita 245 10$aScripta saeculi 7. vitam maximi confessoris illustrantia. 490 0 $aCorpus Christianorum. Series Graeca ;$v39 650 4$aMassimo : il Confessore .$0(OLS)http://semarc/subject/6065 700 0 $aAnastasius : Bibliothecarius,$d.$0(OLS)http://semarc/name/7947 700 1 $aNeil, Bronwen.$0(OLS)http://semarc/name/35772 700 1 $aAllen, Pauline,$d<1948- >.$0(OLS)http://semarc/name/16118 830 0$aCorpus Christianorum. Series Graeca ;$v39.$0(OLS)http://semarc/title/36 850 $aSeMil 852 $aSeMil$W1$xVenegono$y1$mSL2.K I 39$j38399$B38399$CSeMilBibl$Z2$F38402 $8I 961 $aSottoscrizione: Brepols 996 $6020$a2503403913$9(OLS)http://semarc/number/51512 996 $6245$aScripta saeculi 7. vitam maximi confessoris illustrantia$9(OLS)http://semarc/title/116420 LEADER 01268nam a2200253 i 4500 001 000000073663 003 CaOOAMICUS 005 20220810140622.0 008 131022s18uu it u000 u ita u 013 $a44835 026 $asooi i,ne e.ne meil (3) 0000 (Q) 040 $aSeMil$bita 100 1 $aAscona, Antonio,$d.$0(OLS)http://semarc/name/15361 245 10$aCatechismo morale e politico ad uso specialmente della gioventů, onde regolare la propria condotta secondo i principi del donare dell'onore e della pubblica costumatezza compilato da A. Ascona. 260 $aMilano :$bper Angelo Bonfanti,$c[18-?] 300 $a[10], 3-183, [1] p. ;$c16°. 700 1 $aBonfanti, Angelo,$c.$0(OLS)http://semarc/name/8358 850 $aSeMil 852 $aSeMil$W1$xVenegono$y1$m2R I 116 FA$j39815$B39815$CSeMilBibl$Z2$F39819 $8I 941 1 $a10 961 $aRecupero: Mantegazza 996 $6245$aCatechismo morale e politico ad uso specialmente della gioventů, onde regolare la propria condotta secondo i principi del donare dell'onore e della pubblica costumatezza compilato da A. Ascona$9(OLS)http://semarc/title/118947 996 $6260$aMilano :$bper Angelo Bonfanti$9(OLS)http://semarc/publisher/43128